Ballenger's Otorhinolaryngology 17 Head and Neck Surgery (Record no. 5500)

MARC details
000 -LEADER
fixed length control field 00645nam a22002177a 4500
003 - CONTROL NUMBER IDENTIFIER
control field OSt
005 - DATE AND TIME OF LATEST TRANSACTION
control field 20170131143535.0
008 - FIXED-LENGTH DATA ELEMENTS--GENERAL INFORMATION
fixed length control field 170131b xxu||||| |||| 00| 0 eng d
020 ## - INTERNATIONAL STANDARD BOOK NUMBER
International Standard Book Number 9781550093377
020 ## - INTERNATIONAL STANDARD BOOK NUMBER
International Standard Book Number 1550093371
040 ## - CATALOGING SOURCE
Transcribing agency DMLN
082 ## - DEWEY DECIMAL CLASSIFICATION NUMBER
Classification number WV100 S61b 2009
100 ## - MAIN ENTRY--PERSONAL NAME
Personal name Snow, James B.; Wackym, P. Ashley
9 (RLIN) 11477
245 ## - TITLE STATEMENT
Title Ballenger's Otorhinolaryngology 17 Head and Neck Surgery
260 ## - PUBLICATION, DISTRIBUTION, ETC. (IMPRINT)
Place of publication, distribution, etc. New York; People's Medical Publishing, 2009
300 ## - PHYSICAL DESCRIPTION
Extent xxxv,1209p; col.ill: 30cm
504 ## - BIBLIOGRAPHY, ETC. NOTE
Bibliography, etc References, & index included
650 ## - SUBJECT ADDED ENTRY--TOPICAL TERM
Topical term or geographic name as entry element Otorhinolaryngology
9 (RLIN) 4015
650 ## - SUBJECT ADDED ENTRY--TOPICAL TERM
Topical term or geographic name as entry element Head & Neck
9 (RLIN) 11476
942 ## - ADDED ENTRY ELEMENTS (KOHA)
Source of classification or shelving scheme Other/Generic Classification Scheme
Koha item type Open Shelf
Holdings
Withdrawn status Lost status Source of classification or shelving scheme Damaged status Not for loan Home library Current library Date acquired Source of acquisition Inventory number Total Checkouts Full call number Barcode Date last seen Koha item type
    Other/Generic Classification Scheme     MUST Main Library MUST Main Library 31/01/2017   12/36754   WV100 S61b 2009 2017-0087 31/01/2017 Open Shelf